Quiz o Henryku Sienkiewiczu - Statystyki

Ogólne statystyki
  • Ten quiz został rozwiązany 75 razy
  • Średni wynik to 10 z 18
Statystyki odpowiedzi
Pytanie Odpowiedź % Poprawnych
Powieści zaliczane do Trylogii Potop
91%
Ile miał w sumie żon? 3
87%
Powieści zaliczane do Trylogii Pan Wołodyjowski
87%
Powieści zaliczane do Trylogii Ogniemi mieczem
85%
Powieść osadzona w antycznym Rzymie, o prześladowaniach chrześcijan Quo vadis
82%
Wola Okrzejska, wieś, w której się urodził, leży obecnie w tym kraju Polska
82%
Ta powieść została zekranizowanaw 1960 roku przez Aleksandra Forda Krzyżacy
71%
Główna epoka, w której tworzył Pozytywizm
65%
Główne miasto, w którym się kształcił Warszawa
63%
Jak miał na nazwisko Staśz W pustyni i w puszczy? Tarkowski
57%
Rok, w którym otrzymał Nagrodę Nobla 1905
53%
Wszystkie jego żony miały taksamo na imię. Co to za imię? Maria
51%
Państwo, w którym zmarł Szwajcaria
43%
Przez krótki czas jego prochy były pochowane obok prochów tego prezydenta Gabriel Narutowicz
37%
Rok urodzenia 1846
32%
Jeden z jego pseudonimów,zaczyna się na L Litwos
28%
Imię jego syna Henryk
26%
Tytuł niedokończonej przez niego powieści historycznej Legiony
7%
Nie znaleziono quizów pasujących do podanych kryteriów
Rozkład punktacji
Procent ludzi z każdym wynikiem
Percentyl według liczby udzielonych odpowiedzi
Twoja historia wyników
Nie rozwiązałeś tego quizu